| 000 | 00655nam a22001575i 4500 | ||
|---|---|---|---|
| 001 | 151571 | ||
| 003 | ES-MaACL | ||
| 005 | 20230906204252.0 | ||
| 008 | 021106s1890 sp |||| | spa d | ||
| 040 |
_aCAM _bspa _cCAM |
||
| 110 | 0 | 0 |
_aAsociación Benefica del Distrito del Centro ( _cMadrid) _91511 |
| 245 | 1 | 0 |
_aMemoria leída en la Junta general celebrada el día 9 de marzo de 1890 / _cAsociación Benéfica del Distrito del Centro. |
| 260 |
_aMadrid : _b[s.n.], _c1890 ( _fImprenta de José M. Ducazcal) |
||
| 300 |
_a16 p., 4 h. ; _c22 cm. |
||
| 852 |
_aES-MaACL _jT-553-F-10 _z-- Enc. hol., conservando la cub. original _z-- Enc. en un vol. facticio |
||
| 999 |
_c151571 _d151571 |
||